| 000 | 00928 a2200217 4500 | ||
|---|---|---|---|
| 005 | 20180413140354.0 | ||
| 008 | 180413s2018 xxu||||| |||| 00| 0 spa d | ||
| 020 | _a9789584264473 | ||
| 040 |
_aCO-BoUCM _bspa _cSaul Niño _dSaul Niño |
||
| 041 | 0 | _aspa | |
| 100 | 0 |
_aOrtiz Rodríguez, Alvaro Pablo _975954 |
|
| 245 |
_aEspaña _bde madre patria a madrastra : ¿por qué fracasó la reconquista española en la Nueva Granada entre 1814 y 1820? _cÁlvaro Pablo Ortiz ; prólogo Enrique Serrano |
||
| 260 |
_aBogotá (Colombia) _bAriel _bPlaneta _c2018 |
||
| 300 | _a230 páginas | ||
| 650 |
_aGuerrillas patriotas _ySiglo XIX _992128 |
||
| 651 |
_aColombia _xHistoria _yReconquista española, 1815-1819 _992125 |
||
| 651 |
_aEspaña _xHistoria _zReconquista española, 1815-1819 _992126 |
||
| 700 | 1 |
_aSerrano, Enrique _eprólogo _951531 |
|
| 942 |
_cLIBRO _2DEWEY _a21 _e1 _h986.103 _mO775e |
||
| 999 |
_c309629 _d309629 |
||